000 00979nam a2200349 a 4500
003 AR-BaBNM
005 20251128205409.0
008 082120s2002 ||||||||||||||000 | spa||
020 _a84-207-3135-8
040 _cAR-BaBNM
100 1 _aMoreno Cebrián, Alfredo
245 0 0 _aTupac Amaru
_bel cacique que rebeló los Andes
260 _aMadrid
_bAnaya
_c1988
300 _a128 p.
_bil., láms.
490 0 _aBiblioteca iberoamericana
_vv. 75
500 _aCronología p. 126-127
504 _aBibliografía para consultar p. 125
650 4 _aBIOGRAFIAS
650 4 _aPERIODO HISPANICO
650 4 _aHISTORIA POLITICA
650 4 _aHISTORIA SOCIAL
650 4 _aMOVIMIENTOS EMANCIPADORES LATINOAMERICANOS
650 4 _aREVOLUCION
650 4 _aMOVIMIENTOS REVOLUCIONARIOS
650 4 _aHISTORIA SOCIAL
650 4 _aGUERRA CIVIL
651 4 _aPerú
655 _aBIOGRAFIAS
800 1 _aRoche, Antonio
_edirector
942 _cBK
998 _cmariana
999 _c11259
_d11259